| 000 | 00599nam a22002057a 4500 | ||
|---|---|---|---|
| 003 | OSt | ||
| 005 | 20131209180726.0 | ||
| 008 | 130524s1995 sp ||||| |||| 00| 0 spa d | ||
| 020 | _a843391393X | ||
| 040 |
_cCDMR _bcat |
||
| 100 | 1 |
_93507 _aEcheverría, Javier |
|
| 245 | 1 | 0 |
_aCosmopolitas domésticos _cJavier Echeverría |
| 260 |
_aBarcelona _bAnagrama _c1995 |
||
| 300 | _a200 p. | ||
| 490 | 0 |
_aArgumentos _v163 |
|
| 586 | _aXXIII Premi Anagrama d'Assaig | ||
| 650 | 0 | 4 |
_93508 _aTecnologia de la informació _xAspectes socials |
| 650 | 0 | 4 |
_93350 _aGlobalització _xAspectes socials |
| 942 |
_2udc _cMON |
||
| 999 |
_c6311 _d6311 |
||